MDQL
is popping MORE tags! Check the
thread
!
Quizzes
Events
Quiz Creation
Community
Videos
Private Events
Remove Ads
Sign In
Join for FREE
Feedback
Dark Mode
Quiz Categories
Sports
Geography
Music
Movies
Television
Just For Fun
Miscellaneous
History
Literature
Language
Science
Gaming
Entertainment
Religion
Holiday
For Kids
Quiz Lab
Recent
Popular Today
Quiz Kudos Today
Editor Picks
Curator Picks
Quizzes by...
Day
Popularity
Type
Ratings
Length
Year
Community
Subscriptions
Recent Discussions
Orange Saloon
Badges
Playlists
Quests
Create
Leaderboards
Showdown
Live 5
Trivia Bingo
Activity
Puzzle Library
Sporcle Events
Private Events
Virtual Trivia
Globe League
Become a Host
Pub Owners
SporcleCon
Opinionation
Our Games
Videos
Blog
Mobile Apps
Partnerships
Remove Ads and Go Orange
Feedback
Entertainment
Celebrity
Famous
Musical
Broadway
Show
Quote
Comic Books
Anime
Superhero
DC Comics
Marvel
Cartoons
Animation
Entertainment
Celebrity
Famous
Musical
Broadway
Show
Quote
Comic Books
Anime
Superhero
DC Comics
Marvel
Cartoons
Animation
Random Quiz
Search Sporcle
×
Quiz Lab
Quiz Lab
Entertainment
WWE
Type in answers that appear in a list
Type in answers that appear in a list
Classic
Best Score? Go Orange.
Wwe superstars nicknames Stats
Can you name the wwe superstars nicknames?
By
REALcharlieT
10m
30 Questions
109 Plays
109 Plays
109 Plays
Comments
Comments
Give Quiz Kudos
Give Quiz Kudos
-
- Ratings
hide this ad
Replay
Link that replays current quiz
Next Quiz
Link to next quiz in quiz playlist
You Got
0%
They Got
Avg Score
81%
Avg Friend Score
Upgrade to see
Score Distribution
Jump to the score distribution portion of the page
Score
0/30
Timer
10:00
0
Plays Today
nickname
wwe superstar
% Correct
The Rated-
R Superstar
Edge
98.2%
World's Strongest Man
Mark henry
96.3%
The viper
Randy Orton
96.3%
The Phenom
Undertaker
95.4%
The Game
Triple H
94.5%
The Devil's Favorite Demon
Kane
94.5%
The Heart Break Kid
Shawn Michaels
92.7%
The Animal
Batista
92.7%
The Most Electrifying Man in All of Entertainment
The Rock
91.7%
The Champ
John Cena
90.8%
The Texas Rattlesnake
Stone Cold Steve Austin
90.8%
The Olympic Gold Medalist
Kurt Angle
90.8%
Nature Boy
Ric Flair
90.8%
The Hulkster
Hulk Hogan
89.9%
The World's Largest Athlete
Big show
87.2%
nickname
wwe superstar
% Correct
The Straight-
Edge Savior
CM punk
85.3%
The Show Off
Dolph Ziggler
83.5%
The Best There Is, The Best There Was and The Best There Ever Will Be
Bret Hart
82.6%
The most must-
see wwe champion in history
the miz
81.7%
The All-
American American
Jack Swagger
81.7%
Big Daddy Cool
Diesel
77.1%
The Biggest Little Man
Rey Mysterio
75.2%
The Great White
Sheamus
74.3%
Captain Charisma
Christian
74.3%
Long Island Iced-
Z
Zack Ryder
70.6%
The Next Big Thing
Brock Lesnar
64.2%
The former 5-
Time WCW Champion
Booker T
61.5%
Mr. Monday /
Tuesday /
Thursday /
Friday Night
Rob Van Dam
61.5%
The Bare Knuckle Brawler
Wade Barrett
50.5%
The Prince of Hardcore
John Morrison
34.9%
Quiz Playlist
Details
Report
Send in Message
Add To Playlist
Classic:
Type in answers that appear in a list
Last Updated: Feb 16, 2017
Quiz Scoreboard
CHALLENGE
Sign Up to Join the Scoreboard
Show All
Scores
Hide
Comments
May contain spoilers
Recently Published
Holiday 10x10 Sorting Gallery
by lukepisani3
Holiday
15m
Two Season TV Shows II
by 123Four
Television
10m
Image Sorting: Flags VI
by Barbecue
Geography
2m
More to Explore
Quiz From the Vault
Featured Blog Post
14 Easter Pick-up Lines to Find Eggs With
hide this ad
You Might Also Like...
Tags
WWE Quiz
nickname
Superstar
Today's Top Quizzes in Entertainment
Browse Entertainment
hide this ad
Today's Top Quizzes in WWE
Browse WWE
Top Contributed Quizzes in Entertainment
1
Marvel Classic Character Map
2
Movie-Themed Roller Coasters
3
Dragon Ball Z: Goku's Fights in Order
4
Marvel Characters Bunker
5
Sorting Pictures: Villains
6
Who stole Onew's chicken? (KPOP LOGIC QUIZ)
7
Haikyuu Logic Quiz
8
Celebrity Spelling Bee
9
JoJo's Bizarre Logic Quiz
10
Image Sorting: Anime
Explore More
Trending Topics
Anime
NBA
Marvel
Disney
Crossword
Harry Potter
Kpop
Pokémon
NFL
Country
Soccer
Puzzle
Song
The Office
WWE
hide this ad
More By:
REALcharlieT
Quiz
Plays
Rating
Category
Featured
Created
eastenders mitchell family
1,830
5.00
Television
Dec 28, 2011
Name All The Walking Dead Characters
216
1.00
Gaming
Mar 28, 2013
wwe superstars nicknames
109
1.00
Entertainment
Dec 31, 2011
can you name all of the wwe championship now and before?
83
1.00
Entertainment
Dec 30, 2011
Name England's Euro 2012 Squad
33
4.00
Sports
Mar 29, 2013
Go to Creator's Profile
Score Distribution
Quiz Creator Spotlight
REALcharlieT
Follow
Send a Message
Quizzes Created
-
Created Quiz Play Count
-
More By This Creator
Popular Quizzes Today
1
Find the US States - No Outlines Minefield
2
Colored Red Africa Blitz
3
Find the 'City' Movie
4
The Countries of the World
5
Find the US States
6
5x2 Blitz: Bands
7
Find the Countries of Europe - No Outlines Minefield
8
US States
More Entertainment Quizzes
Name That Musical
Published
Trending Quizzes
Colored Red Europe Blitz I
Colored Red Europe Blitz II
Colored Red Africa Blitz II
Colored Red Europe Blitz III
Colored Red Africa Blitz III
Recently Updated
Odd Team Out - Big 4 Players
pecheneg
Quick Pick: 20 Twenties
pecheneg
March Madness Men's Triple Doubles
pecheneg
How Do You Spell That?
pecheneg
Godzilla Movies
pecheneg
Grab Bag: 4-10 Letters
pecheneg
2024 March Madness Bracket
pecheneg
Famous TV Couples
Peacemaker
Champions League XIs: Real Madrid
pecheneg
Largest US Cities 1790-2010
pecheneg
Trending Topics
NBA
Marvel
Crossword
Disney
Anime
Kpop
Harry Potter
NFL
Puzzle
Soccer
Country
WWE
Song
The Office
Pokémon
Your Account Isn't Verified!
In order to create a playlist on Sporcle, you need to verify the email address you used during registration. Go to your
Sporcle Settings
to finish the process.
Report this User
Report this user for behavior that violates our
Community Guidelines
.
Details:
Send Report
Go to the Sporcle.com Mobile Site →
Comments